00966nas a2200229Ia 4500001001100000003000900011008004100020040001300061040001300074041001300087100004700100210001100147222001100158245009100169250001100260260002700271501008600298300001900384362003200403500026200435650003900697R706/E4477IT-RoPAU151124c99999999xx |||||||||||| ||und|| aIT-RoPAU cIT-RoPAU aITALIANO aCosenza GiovannagCodice Aut. SPICS: 31043 aVERSUS aVersus aVERSUS, N.067 (GENNAIO/APRILE 1994)bLinguaggio Del Pensiero Come Lingua Perfetta (Il) a1a ed. aMILANObBOMPIANIc1994 bPaulus - SPICS - Società San Paolo EM (non-commercial uses only)cCopyright2015 a44 p. [77-120] aN.067 (GENNAIO/APRILE 1994) aQuale Linguaggio del Pensiero. Quale Lingua Perfetta: Breve Excursus Storico. Perche' Lingue Filosofiche Universali. Linguaggio del Pensiero Non è il Linguaggio Ordinario. Critica al Folk Psychology e la Psicologia Speculativa. Rappresentazione della Real aSEMIOTICAvPUBBLICAZIONE PERIODICA